000 00367nam a2200145Ia 4500
008 100204s9999 xx 000 0 und d
082 _b22697
100 _aENID BLYTONICH
245 _aFIVE ON SECRET TRIAL
260 _b"HHOLDER & STOUGHTON, LONDON"
_c1980
300 _a184
630 _aFIVE ON SECRET TRIAL
730 _aFIVE ON SECRET TRIAL
942 _cBOOK
999 _c467801
_d467798